000 00934nam a2200265Ia 4500
003 OSt
005 20220928111931.0
006 a|||||r|||| 00| 0
007 ta
008 220927b |||||||| |||| 00| 0 san d
020 _cINR 1000.00
024 _a137257
037 _b307, 30/01/2018, Eastern Book Linkers
_cTextual
040 _aSDCL
_cSDCL
_bsan
041 _2san
_asan
082 _aO15,1B2:g(Q132:22), Q7.1-2
100 _aBhattacharya Pradip Ed.
_9425464
245 0 _aJaiminiya mahabharata mairavanacaritam & sahasramukharavanacaritam (2 Vol. set)
260 _aNew Delhi
_bNew Bharatiya Book Corporation
_c2017
300 _aIv,747p.
_ccm.
650 _aSanskrit
_9391587
700 _a Sen Shekhar Kumar Ed.
_9425465
942 _hO15,1B2:g(Q132:22), Q7.1-2
_cTEXL
_2CC
999 _c742502
_d742502